| 000 | 00869akm a2200325a 44500 | ||
|---|---|---|---|
| 008 | 960122s1988 cat | ||
| 017 | _aB-35140-1988 | ||
| 041 | _acat | ||
| 080 | _a629.5(038) | ||
| 110 |
_aCatalunya. Generalitat. Servei de Normalització de la Llengua Catalana _964959 |
||
| 245 | _aEl vaixell | ||
| 245 | _cCatalunya. Generalitat. Servei de Normalització de la Llengua Catalana. | ||
| 245 | _h[cartell] | ||
| 260 | _a[Barcelona] | ||
| 260 | _bGeneralitat de Catalunya | ||
| 260 | _c1988 | ||
| 300 | _bil. | ||
| 520 | _a34 | ||
| 591 | _a2820 | ||
| 592 | _aObra terminològica | ||
| 593 | _aLCE | ||
| 594 | _a2820 | ||
| 650 |
_aembarcacions _962711 |
||
| 650 |
_avaixells _961742 |
||
| 901 | _cDL <1988> | ||
| 902 | _a960122 | ||
| 942 |
_cMO _n0 |
||
| 999 |
_c54111 _d54111 |
||